000 01075nam0a2200301 4500
001 RU\NLR\BIBL_A\011254873
005 20250626033852.0
010 _a978-5-17-094836-9
_92000
021 _aRU
_b2016-78511
_95111
035 _a(NLR Aleph) 011254873
090 _a12187608
_c12187608
100 _a20161027d2016 |||y0rusy50 ca
101 1 _arus
_ceng
102 _aRU
105 _aac||z|||001zy
200 1 _aФотография
_eвыключи режим AUTO и делай по-настоящему хорошие снимки
_fКрис Геткам
_g[пер. с англ.: Пуденко Д. С.]
210 _aМосква
_cАСТ
_d2016
215 _a143, [1] с.
_cил., цв. ил., портр.
_d22
225 1 _aОт автора мирового бестселлера N° 1
320 _aПредм. указ.: с. 143
333 _a6+
606 1 _aФотография
_9969614
_3RU\NLR\AUTH\6644609
686 1 _aМ94
700 1 _aГеткам
_bК.
_gКрис
942 _cBOOK
980 _aNB